MDQL
is popping MORE tags! Check the
thread
!
Quizzes
Events
Quiz Creation
Community
Videos
Private Events
Remove Ads
Sign In
Join for FREE
Feedback
Dark Mode
Quiz Categories
Sports
Geography
Music
Movies
Television
Just For Fun
Miscellaneous
History
Literature
Language
Science
Gaming
Entertainment
Religion
Holiday
For Kids
Quiz Lab
Recent
Popular Today
Quiz Kudos Today
Editor Picks
Curator Picks
Quizzes by...
Day
Popularity
Type
Ratings
Length
Year
Community
Subscriptions
Recent Discussions
Orange Saloon
Badges
Playlists
Quests
Create
Leaderboards
Showdown
Live 5
Trivia Bingo
Activity
Puzzle Library
Sporcle Events
Private Events
Virtual Trivia
Globe League
Become a Host
Pub Owners
SporcleCon
Opinionation
Our Games
Videos
Blog
Mobile Apps
Partnerships
Remove Ads and Go Orange
Feedback
Gaming
Video Games
Board Games
Card Games
Pokémon
Mario
Nintendo
Minecraft
Console
Toys
Legend of Zelda
Gaming
Video Games
Board Games
Card Games
Pokémon
Mario
Nintendo
Minecraft
Console
Toys
Legend of Zelda
Random Quiz
Search Sporcle
×
Quiz Lab
Quiz Lab
Gaming
Theory
Type in answers that appear in a list
Type in answers that appear in a list
Classic
Best Score? Go Orange.
Name the Game Theories Stats
Can you list the Game Theory Episodes?
By
KHfreak13
8m
96 Questions
156 Plays
156 Plays
156 Plays
Comments
Comments
Give Quiz Kudos
Give Quiz Kudos
-
- Ratings
hide this ad
Replay
Link that replays current quiz
Next Quiz
Link to next quiz in quiz playlist
You Got
0%
They Got
Avg Score
32%
Avg Friend Score
Upgrade to see
Score Distribution
Jump to the score distribution portion of the page
Score
0/96
Timer
08:00
0
Plays Today
Episode
% Correct
Toad's DEADLY Secret
84.6%
Rosalina UNMASKED pt. 2
83.3%
Rosalina UNMASKED pt. 1
83.3%
How Deadly is Super Mario's Bullet Bill?
81.4%
Pipe Dreams
81.4%
Why Mario is Mental pt. 2
80.1%
Why Mario is Mental pt. 1
80.1%
Mario is COMMUNIST?!?
80.1%
Video Game Crossovers, Super Mario RPG to God of War to Real Life
78.8%
FNAF 2, Gaming's Scariest Story SOLVED!
67.3%
Five Night's at Freddy's SCARIEST Monster is You!
67.3%
Which Link Rules Them All?
62.8%
A Merry Racist Jynx-mas
57.1%
Pokemon Racism, Jynx Justified
56.4%
The Pokemon Multiverse EXPLAINS EVERYTHING
55.8%
Pokemon Part 3
55.8%
Pokemon vs Creationists
55.8%
Pokemon, PETA, and Plasma
55.8%
Humans are Pokemon
55.1%
How Pidgey 'Proves' Darwinian Evolution
55.1%
How Fast is Sonic the Hedgehog?
51.3%
The Science of Sonic the Hedgehog
50.6%
Is Link Dead in Majora's Mask?
47.4%
BEWARE Link's Hookshot in Legend of Zelda!
46.8%
Is Link's Quest in Majora's Mask Pointless?
46.8%
Why the Official Zelda Timeline is Wrong
46.8%
What ARE Minecraft Creepers?!?
42.9%
How Much is Minecraft Diamond Armor Worth?
42.3%
Flappy Bird, PewDiePie, and Pasta Sauce
41.7%
Yes, Pewdiepie. YouTube IS Broken
40.4%
Yarn Bombing
38.5%
The Metroid Morph Ball is LAME!
34.6%
Episode
% Correct
Surviving the Assassin's Creed Leap of Faith
32.7%
How Assassin's Creed Predicted the Future of Science
31.4%
The Dark Side of Mother
31.4%
Power Armor in Real Life
31.4%
Is Chrono Trigger's Time Travel Accurate?
30.8%
Portal's Companion Cube has a Dark Secret
30.1%
Super Smash Bros TRAGIC Hidden Lore
29.5%
Defending Call of Duty Advanced Warfare's Regenerating Health
29.5%
Why Call of Duty Ghosts Should Terrify You
29.5%
Best Boobs in Gaming
28.8%
Modern War Crimes
28.8%
Do a Barrel Roll
28.8%
Chrono Trigger Retells the BIBLE?!?
28.2%
Is Mortal Kombat's Killer Scream Possible?
25.6%
Why Final Fantasy is Anti-Religion
25.6%
Are Video Games Anti-LGBT?
25%
Fart Rocket Physics with the Wario Waft
25%
Shinra, Mako, and Oil
25%
Who Killed Aerith?
25%
Who is Mega Man's TRUE Villain?
24.4%
How PewDiePie Conquered YouTube
24.4%
Fatalities IRL
24.4%
Diagnosing Arkham
23.7%
Batman+Superman+COW=???
22.4%
DEATH by Hacking
21.8%
Watch Dogs Warning! YOU'RE NOT SAFE!
21.8%
The Problems with Princess Peach
19.9%
Snake is a STONER
19.2%
BOOM! Headshot
19.2%
Shepard is a ZOMBIE in Mass Effect 2!
19.2%
The TF2 Pyro...Male or Female?
18.6%
Does Isaac DIE?!?
17.3%
Episode
% Correct
Why Living on BioShock Infinite's Floating City Would Suck!
17.3%
Andrew Ryan's Underwater City
17.3%
Why You Play Video Games
16%
Candy Crush, Designed to ADDICT
15.4%
Mike Tyson's Techno Dance Party
15.4%
Walking Dead, Killing Zombies
14.7%
World of Warcraft will SAVE the Economy
12.8%
How Real Can Video Games Get?
12.8%
Wii U is the New Virtual Boy
12.8%
On the Subject of Arrows and Knees
12.8%
Are SMITE's Goddesses TOO SEXY?
12.2%
Donkey Kong Country and America's Secret Banana War
12.2%
Are Gamers Killing Video Games?
11.5%
What's Wrong with the AVGN?
10.9%
A Philippines Vacation
10.9%
Why You're a Completionist
10.3%
Champion Showdown
10.3%
Dracula Spectacula
10.3%
Cyborg Technology
10.3%
World Wonders
10.3%
The Human Lie Detector
9.6%
Australian for Games
9.6%
A Tank's Biggest Weakness...is ITSELF
9%
80s Action Star
9%
Can Dig Dug Pop a Human?
8.3%
Video Games Predict YOUR FUTURE!
7.7%
Potions and Power Bands
7.7%
How Rome Dominates Mobile Strategy Games
7.1%
Is Comic Con 2014 REALLY Worth the Wait?
6.4%
Cyborgs, Fatalities, and the Riddler
6.4%
Polybius, MK Ultra, and the CIA's Brainwashing Arcade Game
5.8%
Monty Hall, Plinko, and Probability
4.5%
Quiz Playlist
Details
Report
Send in Message
Add To Playlist
Classic:
Type in answers that appear in a list
Last Updated: Feb 16, 2017
Quiz Scoreboard
CHALLENGE
Sign Up to Join the Scoreboard
Show All
Scores
Hide
Comments
May contain spoilers
Recently Published
1-10 Letter E Words III
by El_Dandy
Language
2m
Street Fighter Characters
by Artimus82
Gaming
60s
College Basketball Coaching Resumes
by pancakes188
Sports
9m
More to Explore
Quiz From the Vault
Featured Blog Post
Where Did the Easter Bunny Come From?
hide this ad
You Might Also Like...
Tags
episode
Theory
topic
Today's Top Quizzes in Gaming
Browse Gaming
hide this ad
Today's Top Quizzes in Theory
Browse Theory
Top Contributed Quizzes in Gaming
1
5-to-1: Consoles
2
7-to-1: Board Game Piece Blitz
3
5-to-1: Legend of Zelda
4
League of Legends Pro Players by Career/Team History
5
Destiny 2 exotic weapons by perk icons
6
Ultimate Genshin Impact Logic Puzzle (up to 4.3)
7
Quick Pick: Video Games Lost in Translation
8
Franchise by Action Figure
9
Who's on the WWE 2K24 Cover?
10
Genshin Impact Logic Puzzle Quiz
Explore More
Trending Topics
Crossword
Anime
NBA
Disney
Kpop
Harry Potter
Marvel
NFL
Country
Puzzle
The Office
WWE
Soccer
Pokémon
Song
hide this ad
More By:
KHfreak13
Quiz
Plays
Rating
Category
Featured
Created
Avatar: The Last Airbender Episodes in Order
4,366
5.00
Television
Jul 22, 2015
Disney Movies By Last Words
510
4.50
Movies
Mar 30, 2015
'The Lion King' Mufasa's Ghost
424
5.00
Movies
Mar 19, 2015
Name the Game Theories
156
Gaming
Mar 7, 2015
Go to Creator's Profile
Score Distribution
Quiz Creator Spotlight
KHfreak13
Follow
Send a Message
Quizzes Created
-
Created Quiz Play Count
-
More By This Creator
Popular Quizzes Today
1
Find the US States - No Outlines Minefield
2
Find the Countries of Europe - No Outlines Minefield
3
Find the US States
4
The Countries of the World
5
Risky Map Clicking: Biggest States A-Z
6
US States
7
Popular People in 1961
8
Movies - When Are They Set?
More Gaming Quizzes
Pokémon X/Y Kalos Map
Quiz Lab
Trending Quizzes
Risky Map Clicking: Least Populous States A-Z
1-10 Letter G Words
1-10 Letter F Words
Countries of the World: 200 Million BC
Risky Map Clicking: Next State Alphabetically
Recently Updated
Rides in Walt Disney World
pecheneg
Most Oscar Losses (Acting)
pecheneg
Beyoncé Albums
pecheneg
Leaping Animals
pecheneg
Reality TV Shows (A-Z)
bhenderson79
Rickey Henderson's Hall of Fame Teammates
pecheneg
Champions League XIs: Arsenal
pecheneg
Quick Pick: Celebrities in WWE's Hall of Fame
aduchscher
A-Z Keypad Blitz II
pecheneg
Trending Topics
Harry Potter
NBA
Crossword
Kpop
Anime
Disney
Marvel
Country
WWE
NFL
Song
Soccer
The Office
Pokémon
Puzzle
Your Account Isn't Verified!
In order to create a playlist on Sporcle, you need to verify the email address you used during registration. Go to your
Sporcle Settings
to finish the process.
Report this User
Report this user for behavior that violates our
Community Guidelines
.
Details:
Send Report
Go to the Sporcle.com Mobile Site →
Comments